Αγαπάω μαθαίνω χορεύω ελληνικούς χορούς

Αποθηκεύτηκε σε:
Λεπτομέρειες βιβλιογραφικής εγγραφής
Κύριος συγγραφέας: Κυνηγού-Φλάμπουρα, Μαρία, 1922-2015
Μορφή: Βιβλίο
Γλώσσα:Greek
Δημοσίευση: Αθήνα : Ερμής, 1988
Θέματα:
Ετικέτες: Προσθήκη ετικέτας
Δεν υπάρχουν, Καταχωρήστε ετικέτα πρώτοι!

MARC

LEADER 00000nam a2200000 i 4500
001 1/83521
008 960904s1988 gre d
035 |a 1995  |b 1  |c Στρατής  |l 10034217 
040 |a GR-MY-UA  |b gre  |e aacr 
041 0 |a gre 
082 0 |a 793.319495 
100 1 |a Κυνηγού-Φλάμπουρα, Μαρία,   |d 1922-2015. 
245 1 0 |a Αγαπάω μαθαίνω χορεύω ελληνικούς χορούς /  |c Μαρία Κυνηγού - Φλάμπουρα 
260 |a Αθήνα :   |b Ερμής,   |c 1988 
300 |a 45 σ.  |b φωτογρ. 
650 0 0 |a Dance  |x Folklore  |z Greece  |x Study and teaching. 
650 0 0 |a Folk dancing, Greek  |x Study and teaching. 
852 |a INST  |b RHODES  |e 19960904  |h 793.319495 ΚΥΝ  |p 005400007153  |q 005400007153  |t BK  |y 0 
909 |a Ρ  |b 040037 
922 |a 4ΕΛΗ  |b 1999503  |c ΣΤΡΑΤΗΣ 
970 |a ΧΟΡΟΖΙΔΟΥ  |b ΤΖΕΝΗ  |z 1999/11/05